banner koha

Caracterização nutricional de branquilho (Sebastiania commersoniana (Baillon)Smith Downs - Euphorbiaceae), cultivado em solo contaminado por petróleo (Registro n. 188222)

MARC details
000 -LÍDER
campo de controle de tamanho fixo 01004nas a2200313 4500
001 - NÚMERO DE CONTROLE
campo de controle BR0701275
003 - IDENTIFICADOR DO NÚMERO DE CONTROLE
campo de controle BR-BrBNA
005 - DATA E HORÁRIO DA ÚLTIMA TRANSAÇÃO
campo de controle 20231205110624.0
007 - CAMPO FIXO DE DESCRIÇÃO FÍSICA--INFORMAÇÃO GERAL
campo de controle de tamanho fixo ta
008 - CAMPO DE DADOS FIXOS--INFORMAÇÃO GERAL
campo de controle de tamanho fixo 230509b bl.|||p| |||| 00| 00por d
040 ## - FONTE DA CATALOGAÇÃO
Instituição da catalogação original BR-BrBNA
Idioma da catalogação por
Instituição que transcreveu o registro Biblioteca Nacional de Agricultura
041 ## - CÓDIGO DE IDIOMA
Código do idioma do texto/trilha sonora ou título diferente (Pt)
072 ## - CÓDIGO DE CATEGORIA DE ASSUNTO
Código de Categoria de Assunto P34; F60; P36
100 1# - ENTRADA PRINCIPAL--NOME PESSOAL
Nome pessoal Thibes-Rodrigues, T.
100 1# - ENTRADA PRINCIPAL--NOME PESSOAL
Nome pessoal Wisniewski, C.
100 1# - ENTRADA PRINCIPAL--NOME PESSOAL
Nome pessoal Bona, C.
100 1# - ENTRADA PRINCIPAL--NOME PESSOAL
Nome pessoal Dedecek, R.A.
100 1# - ENTRADA PRINCIPAL--NOME PESSOAL
Nome pessoal Santos, G. de O.
245 1# - TÍTULO
Título Caracterização nutricional de branquilho (Sebastiania commersoniana (Baillon)Smith <br/> Downs - Euphorbiaceae), cultivado em solo contaminado por petróleo
650 ## - ASSUNTO--TERMO TÓPICO
Cabeçalho tópico ou nome geográfico EUPHORBIACEAE
650 ## - ASSUNTO--TERMO TÓPICO
Cabeçalho tópico ou nome geográfico DETERIORAÇÃO DO SOLO
650 ## - ASSUNTO--TERMO TÓPICO
Cabeçalho tópico ou nome geográfico POLUIÇÃO
650 ## - ASSUNTO--TERMO TÓPICO
Cabeçalho tópico ou nome geográfico CONTAMINAÇÃO
650 ## - ASSUNTO--TERMO TÓPICO
Cabeçalho tópico ou nome geográfico COMPOSIÇÃO QUÍMICA
650 ## - ASSUNTO--TERMO TÓPICO
Cabeçalho tópico ou nome geográfico ADUBAÇÃO
773 0# - ENTRADA ANALÍTICA
Título Floresta (Brazil)
ISSN - International Standard Serial Number ISSN 0015-3826
Partes relacionadas (Sep-Dec 2006), v. 36(3) p. 349-359
Número de controle do registro BR0701275
909 ## -
-- 202311
-- Lúcia
-- 55
-- Lúcia Elande
942 ## - ELEMENTOS DE ENTRADA ADICIONADOS (KOHA)
Fonte da classificação ou esquema de arquivamento na estante Classificação AGRIS
Ocultar no OPAC Não
Tipo de material Koha Analítica
Exemplares
Situação do descarte Fonte da classificação ou esquema de arquivamento na estante Situação física Não pode ser emprestado Biblioteca de origem Biblioteca atual Localização na estante Enumeração do periódico / cronologia Total de empréstimos Data de último acesso Número do exemplar Tipo de material Koha Fonte de aquisição
  Classificação AGRIS   Consulta local Biblioteca Nacional de Agricultura - Binagri Biblioteca Nacional de Agricultura - Binagri   (Sep-Dec 2006), v. 36(3) p. 349-359   29/11/2023 01 Periódicos Portaria Interministerial nº 164/94

BINAGRI

Telefone: (61)3218-2567/2388/3357/2097 - binagri@agro.gov.br

Ministério da Agricultura e Pecuária , Esplanada dos Ministérios, Bloco D, Anexo B, Brasília/DF, CEP: 70.043-900